Les Libertins du XVII° siècle, tome II. Édition établie, présentée et annotée par JACQUES PRÉVOT, avec la collaboration de LAURE JESTAZ et d’HÉLÈNE OSTROWIECKI-BAH. Éditions Gallimard, NRF, Bibliothèque de la Pléiade, 2004. Un volume relié, sous coffret illustré, 105 × 170 de 1 904 p., avec notices, notes et index des notes de langue. (notice n° 1653942)

détails MARC
000 -LEADER
fixed length control field 01723cam a2200157 4500500
005 - DATE AND TIME OF LATEST TRANSACTION
control field 20260208005821.0
041 ## - LANGUAGE CODE
Language code of text/sound track or separate title fre
042 ## - AUTHENTICATION CODE
Authentication code dc
100 10 - MAIN ENTRY--PERSONAL NAME
Personal name Ronzeaud, Pierre
Relator term author
245 00 - TITLE STATEMENT
Title Les Libertins du XVII° siècle, tome II. Édition établie, présentée et annotée par JACQUES PRÉVOT, avec la collaboration de LAURE JESTAZ et d’HÉLÈNE OSTROWIECKI-BAH. Éditions Gallimard, NRF, Bibliothèque de la Pléiade, 2004. Un volume relié, sous coffret illustré, 105 × 170 de 1 904 p., avec notices, notes et index des notes de langue.
260 ## - PUBLICATION, DISTRIBUTION, ETC.
Date of publication, distribution, etc. 2005.<br/>
500 ## - GENERAL NOTE
General note 85
520 ## - SUMMARY, ETC.
Summary, etc. Tout occupé à signifier le mystère essentiel et l’opacité du réel, le roman, chez Jules Barbey d’Aurevilly comme chez Marcel Proust, est le lieu indécis d’une confrontation entre la poésie et le récit. Ainsi, quand la prose romanesque de Barbey prétend porter le deuil du poème perdu, la Recherche orchestre avec bonheur, au contraire, une unité retrouvée. Chez Proust, roman et recueil se confondent, prose et poésie se rejoignent et la question métaphysique trouve une réponse esthétique. Aux fondrières (en fait de fondations) sur lesquelles le « barbare à sensations » qu’est Barbey a bâti l’édifice jésuitique d’une œuvre dont le catholicisme a souvent éveillé le soupçon, peut alors succéder la « cathédrale » immense élevée à la gloire de la littérature par le « dilettante d’architecture » qui fonde notre modernité.
786 0# - DATA SOURCE ENTRY
Note Revue d'histoire littéraire de la France | 105 | 3 | 2005-06-01 | p. 655j-764j | 0035-2411
856 41 - ELECTRONIC LOCATION AND ACCESS
Uniform Resource Identifier <a href="https://shs.cairn.info/revue-d-histoire-litteraire-de-la-france-2005-3-page-655j?lang=fr&redirect-ssocas=7080">https://shs.cairn.info/revue-d-histoire-litteraire-de-la-france-2005-3-page-655j?lang=fr&redirect-ssocas=7080</a>

Pas d'exemplaire disponible.

PLUDOC

PLUDOC est la plateforme unique et centralisée de gestion des bibliothèques physiques et numériques de Guinée administré par le CEDUST. Elle est la plus grande base de données de ressources documentaires pour les Étudiants, Enseignants chercheurs et Chercheurs de Guinée.

Adresse

627 919 101/664 919 101

25 boulevard du commerce
Kaloum, Conakry, Guinée

Réseaux sociaux

Powered by Netsen Group @ 2025